00589nam a2200181 4500001000700000003000900007005001700016008004100033080000800074100004600082245005000128250002500178260003000203300004000233500002700273650001800300852008900318175703ES-MaACL20250325091442.0101117s1965 sp |||| | spa d a2420 aJosemaría Escrivá de Balaguer,cSanto10aCamino / cJosemaría Escrivá de Balaguer. a23ª ed. castellana. aMadrid : bRialp, c1965. a323 p., [1] h. de lám. ; c14 cm. aÍndice alfabético.07aMeditaciones. aES-MaACLj2265-F-1 z. - Biblioteca Jacinto Martínez Lacalle z. - Enc. tela verde